Statistics for Famous Scientologists Quiz

Click here to take the quiz!

General Stats

  • This quiz has been taken 3,805 times
    (3,801 since last reset)
  • The average score is 8 of 16

Answer Stats

Clue Scientologist % Correct
He'll be your wingman any timeTom Cruise
92%
"Saturday Night Fever" starJohn Travolta
86%
Michael Jackson's former wifeLisa Marie Presley
72%
Leader of a murderous "family", his philosophy
was partly derived from Scientology
Charles Manson
68%
Cher's former husbandSonny Bono
67%
Founder of ScientologyL. Ron Hubbard
66%
Wife of the above -
former "Dawson's Creek" star
Katie Holmes
66%
"Cheers" actressKirstie Alley
48%
He's a loser, baby, so why don't you kill him?Beck
46%
The Chef from South ParkIsaac Hayes
40%
And, his wifeKelly Preston
39%
"My Name is Earl" actorJason Lee
34%
"King of Queens" co-starLeah Remini
32%
Greg needed a Dharma like herJenna Elfman
25%
She's every woman, it's all in herChaka Khan
18%
Current Scientology leader & best man
at the wedding
David Miscavige
10%

Score Distribution

Percentile by Number Answered

Percent of People with Each Score

Your Score History

You have not taken this quiz since the last reset